<?xml version="1.0" encoding="UTF-8"?>
<collection xmlns="http://www.loc.gov/MARC21/slim">
    <record>
        <controlfield tag="001">66070</controlfield>
        <controlfield tag="005">20180223094416.0</controlfield>
        <datafield tag="037" ind1=" " ind2=" ">
            <subfield code="a">GDOC-2016-25141</subfield>
        </datafield>
        <datafield tag="041" ind1=" " ind2=" ">
            <subfield code="a">spa</subfield>
        </datafield>
        <datafield tag="100" ind1=" " ind2=" ">
            <subfield code="0">(orcid)0000-0002-3521-6480</subfield>
            <subfield code="1">131913</subfield>
            <subfield code="a">Pérez Gimeno, Joaquín José</subfield>
        </datafield>
        <datafield tag="245" ind1="0" ind2="0">
            <subfield code="9">25141</subfield>
            <subfield code="a">Animación en 2 y 3D</subfield>
        </datafield>
        <datafield tag="242" ind1="0" ind2="0">
            <subfield code="9">25141</subfield>
            <subfield code="a">2 and 3D Animation</subfield>
        </datafield>
        <datafield tag="260" ind1=" " ind2=" ">
            <subfield code="a">Zaragoza</subfield>
            <subfield code="b">Universidad de Zaragoza</subfield>
            <subfield code="c">2016-2017</subfield>
        </datafield>
        <datafield tag="520" ind1=" " ind2=" ">
            <subfield code="a">Breve presentación de la asignatura
Este curso inicia a los alumnos en los métodos y las diferentes técnicas de la animación entendida como sistema de producción de imágenes, dentro del marco de las artes audiovisuales. El objetivo principal es entregar una base de conocimiento que le permita al alumno comprender el trabajo de la animación en diferentes sistemas de producción, e iniciar una investigación personal sobre las posibilidades creativas y artísticas del medio.</subfield>
            <subfield code="b">This course introduces students to the methods and different animation techniques as a system of image production. The main objective is to provide a knowledge base that allows the student to understand the works of animation in different production systems, and start a personal research.
 </subfield>
        </datafield>
        <datafield tag="521" ind1=" " ind2=" ">
            <subfield code="9">102</subfield>
            <subfield code="a">Bellas Artes</subfield>
        </datafield>
        <datafield tag="540" ind1=" " ind2=" ">
            <subfield code="a">by-nc-sa</subfield>
            <subfield code="b">Creative Commons</subfield>
            <subfield code="c">3.0</subfield>
            <subfield code="u">http://creativecommons.org/licenses/by-nc-sa/3.0/</subfield>
        </datafield>
        <datafield tag="830" ind1=" " ind2=" ">
            <subfield code="9">278</subfield>
        </datafield>
        <datafield tag="856" ind1="4" ind2=" ">
            <subfield code="s">17198</subfield>
            <subfield code="u">http://zaguan.unizar.es/record/66070/files/guia-25141-es.pdf</subfield>
            <subfield code="y">Guía (idioma español)</subfield>
        </datafield>
        <datafield tag="856" ind1="4" ind2=" ">
            <subfield code="s">7041</subfield>
            <subfield code="u">http://zaguan.unizar.es/record/66070/files/guia-25141-en.pdf</subfield>
            <subfield code="y">Guide (english)</subfield>
        </datafield>
        <datafield tag="970" ind1=" " ind2=" ">
            <subfield code="a">GDOC-2016-25141</subfield>
        </datafield>
        <datafield tag="980" ind1=" " ind2=" ">
            <subfield code="a">GDOC</subfield>
            <subfield code="b">Artes y humanidades</subfield>
            <subfield code="c">301</subfield>
        </datafield>
    </record>

    
</collection>